00329 a2200121 4500003000500000005001700005040000900022082000800031245004600039260002000085650007800105651002400183Nust20170207154652.0 cNust a799 aEDP-26 (GP Photo) (Misc Photographs)cMCS aRawalpindibMCS aPictures of EDP-26 (GP Photo) in MCS (Misc Photographs) (Soft Copy) CD-21 aSweet Memories -MCS